Zoznamy podnikov a majetkových účastí štátu zaradených do privatizácie, zoznam podnikov nezaradených do privatizácie a zoznam podnikov určených na likvidáciu zo Slovenskej republiky. 2.

Zoznam podnikov nezaradených do privatizácie. Zoznam podnikov určených na likvidáciu.

Gespeichert in:
Bibliographische Detailangaben
Format: Buchkapitel
Sprache:Slowakisch
Schlagworte:
Tags: Tag hinzufügen
Keine Tags, Fügen Sie das erste Tag hinzu!

MARC

LEADER 00000naa a2200000 4500
001 r006579
005 20221125080346.0
041 0 |a slo 
044 |a [CS] 
245 1 0 |a Zoznamy podnikov a majetkových účastí štátu zaradených do privatizácie, zoznam podnikov nezaradených do privatizácie a zoznam podnikov určených na likvidáciu zo Slovenskej republiky. 2. 
520 |a Zoznam podnikov nezaradených do privatizácie. Zoznam podnikov určených na likvidáciu. 
610 2 0 |a privatizácia 
610 2 0 |a podnik 
610 2 0 |a Slovensko 
610 2 0 |a likvidácia podniku 
610 2 0 |a súpisy